| 000 | 00679nam a22002297a 4500 | ||
|---|---|---|---|
| 999 |
_c9175 _d9175 |
||
| 001 | 9175 | ||
| 003 | BD-JhCC | ||
| 005 | 20180310170735.0 | ||
| 008 | 180215r2005 bg |||| |||| 000 0 ben d | ||
| 020 | _a9844125065 | ||
| 035 | _a(BD-JhCC)9175 | ||
| 040 |
_aBD-JhCC _dBD-JhCC |
||
| 041 | _aben | ||
| 082 |
_a320.954 _bMAM 2005 |
||
| 100 | _aমামুন, মুনতাসীর | ||
| 245 |
_a নতুন শতকের রাজনীতি / _c মুনতাসীর মামুন |
||
| 260 |
_aঢাকা : _bঅনন্যা, _c2005. |
||
| 300 |
_a1200 p. : _c22 cm. |
||
| 650 |
_aPolitics and goverment _zBangladesh |
||
| 942 |
_2ddc _cBK |
||